000 00522nam a22001937a 4500
005 20260306111337.0
008 260306b |||||||| |||| 00| 0 eng d
020 _a9788173915622
037 _cTextbook
040 _aFMUL
_cFMUL
041 _2eng
_aeng
084 _aN44 P3;4
_qFMUL
100 _aNarayan, shovana
_91123638
245 _aperforming arts in India apolicy perspective
260 _aDelhi
_bkanishka pub.. dis
_c2025
300 _av,135 p.
650 _aFMUL
942 _2CC
_cTB
_hN44 P3;4
_n0
999 _c1688479
_d1688479